Doing business in a more transparent world 2012.
| Corporate Author: | |
|---|---|
| Format: | Book |
| Published: |
Washington D.C:
The World Bank,
2012.
|
| Subjects: |
| LEADER | 00451cam a2200157 7i4500 | ||
|---|---|---|---|
| 001 | 0000028958 | ||
| 005 | 20130108090000.0 | ||
| 020 | 0 | 0 | |a 9780821388334 |
| 090 | 0 | 0 | |a I 338.7 |b WOR |
| 110 | 2 | 0 | |a The World Bank |
| 245 | 2 | 0 | |a Doing business in a more transparent world 2012. |
| 260 | 0 | 0 | |a Washington D.C: |b The World Bank, |c 2012. |
| 300 | # | # | |a 200 p. |
| 650 | 0 | 0 | |a Business |
| 650 | 0 | 0 | |a Doing business |
| 999 | |a 0000030801 |b Book |c International |e Business Information Centre | ||


